000 004210000a22001810004500
003 MACL
005 20150818132336.0
008 150818b xxu||||| |||| 00| 0 eng d
040 _aMACL
_cMACL
041 _aEnglish
082 _a590
100 _aSaharia, V B
_96044
245 _aWildlife In India
260 _bNatraj Publishers
_c1992
_aNew Delhi
350 _a75
650 _aAnimals
_96046
942 _cBK
_k590
_2ddc
999 _c6931
_d6931